000 00581nam a2200229Ia 4500
003 OSt
005 20220918201256.0
006 a|||||r|||| 00| 0
007 ta
008 220917b |||||||| |||| 00| 0 eng d
024 _a92,797
037 _cTextual
040 _aARTS
_cARTS
_beng
041 _2eng
_aeng
082 _aV1:19:N5, K6
100 _aDuchacek Ivo D
_997863
245 0 _aNations and men
_b international politics today
260 _c1966
650 _aHISTORY
942 _hV1:19:N5, K6
_cTEXL
_2CC
999 _c216448
_d216448